000
00257nam a22001097a 4500
082
_a
621.3 NIA'H
100
_a
NIAZ MUHAMMAD
_9
75098
245
_a
HANDBOOK OF ELECTRIC WIRING (URDU BOOK)
260
_a
LAHORE
_b
JAHANGIR
_c
1978
300
_a
216P
942
_c
BK
999
_c
580586
_d
580586